Physical Geodesy: A Theoretical Introduction / (Record no. 616527)

000 -LEADER
fixed length control field 00464nam a22001697a 4500
003 - CONTROL NUMBER IDENTIFIER
control field NUST
005 - DATE AND TIME OF LATEST TRANSACTION
control field 20260305123544.0
008 - FIXED-LENGTH DATA ELEMENTS--GENERAL INFORMATION
fixed length control field 260305b ||||| |||| 00| 0 eng d
020 ## - INTERNATIONAL STANDARD BOOK NUMBER
International Standard Book Number 978-3031233203
082 ## - DEWEY DECIMAL CLASSIFICATION NUMBER
Classification number 621.3678
Author Mark JUN
100 ## - MAIN ENTRY--PERSONAL NAME
Personal name Jun-Yi Guo.
9 (RLIN) 133584
245 ## - TITLE STATEMENT
Title Physical Geodesy: A Theoretical Introduction /
Statement of responsibility, etc. Jun-Yi Guo.
260 ## - PUBLICATION, DISTRIBUTION, ETC.
Place of publication, distribution, etc. Switzerland:
Name of publisher, distributor, etc. Springer,
Date of publication, distribution, etc. 2023.
300 ## - PHYSICAL DESCRIPTION
Extent 193 p ;
Dimensions 36.00 cm
563 ## - BINDING INFORMATION
Binding note Hardcover
942 ## - ADDED ENTRY ELEMENTS (KOHA)
Source of classification or shelving scheme
Koha item type Book
Holdings
Withdrawn status Lost status Source of classification or shelving scheme Damaged status Not for loan Permanent Location Current Location Date acquired Total Checkouts Full call number Barcode Date last seen Price effective from Koha item type
          Institute of Geographical Information Systems (IGIS) Institute of Geographical Information Systems (IGIS) 03/05/2026   621.3678 JUN IGIS-23 03/05/2026 03/05/2026 Book
© 2023 Central Library, National University of Sciences and Technology. All Rights Reserved.